49ers Total Records against other teams - Statistics

General Stats
  • This quiz has been taken 29 times
  • The average score is 7 of 31
Answer Stats
Record Winning or Losing record Team % Correct
32-27 Winning Arizona Cardinals
88%
73-67-3 Winning Los Angeles Rams
54%
47-32-1 Winning Atlanta Falcons
35%
34-32-1 Winning Chicago Bears
35%
17-19-1 Losing Dallas Cowboys
31%
3-1 Winning Houston Texans
27%
2-5 Losing Baltimore Ravens
23%
38-28-1 Winning Detroit Lions
23%
32-37-1 Losing Green Bay Packers
23%
3-2 Winning Jacksonville Jaguars
23%
7-7 Tied Kansas City Chiefs
23%
17-28 Losing Seattle Seahawks
23%
21-12-1 Winning Washington Football Team
23%
6-7 Losing Buffalo Bills
19%
9-13 Losing Carolina Panthers
19%
12-4 Winning Cincinnati Bengals
19%
8-7 Winning Denver Broncos
19%
7-7 Tied Las Vegas Raiders
19%
7-8 Losing Los Angeles Chargers
19%
24-23-1 Winning Minnesota Vikings
19%
49-27-2 Winning New Orleans Saints
19%
21-21 Tied New York Giants
19%
19-14-1 Winning Philadelphia Eagles
19%
8-12 Losing Cleveland Browns
15%
19-26 Losing Indianapolis Colts
15%
6-8 Losing Miami Dolphins
15%
9-5 Winning New England Patriots
15%
11-3 Winning New York Jets
15%
12-10 Winning Pittsburgh Steelers
15%
18-7 Winning Tampa Bay Buccaneers
15%
9-5 Winning Tennessee Titans
15%
No matching quizzes found
Score Distribution
Percent of People with Each Score
Percentile by Number Answered
Your Score History
You have not taken this quiz